<?xml version="1.0" encoding="UTF-8"?>
<record
    xmlns:xsi="http://www.w3.org/2001/XMLSchema-instance"
    xsi:schemaLocation="http://www.loc.gov/MARC21/slim http://www.loc.gov/standards/marcxml/schema/MARC21slim.xsd"
    xmlns="http://www.loc.gov/MARC21/slim">

  <leader>01422nam a2200253 i 4500</leader>
  <controlfield tag="001">189904</controlfield>
  <controlfield tag="003">ES-MaACL</controlfield>
  <controlfield tag="005">20230906223603.0</controlfield>
  <controlfield tag="008">191223s1975    ne ad        |||| | eng d</controlfield>
  <datafield tag="111" ind1="2" ind2=" ">
    <subfield code="a">World Conference on Computers in Education (</subfield>
    <subfield code="n">2&#xAA;. </subfield>
    <subfield code="d">1975. </subfield>
    <subfield code="c">Marsella)</subfield>
    <subfield code="9">169236</subfield>
  </datafield>
  <datafield tag="245" ind1="1" ind2="0">
    <subfield code="a">Computers in education </subfield>
    <subfield code="b">= Informatique et enseignement : IFIP 2nd World Conference = IFIP 2&#xE8;me Conf&#xE9;rence Internationale : conference edition / </subfield>
    <subfield code="c">edited by O. Lecarme, R. Lewis ; organized by = organis&#xE9;e par l'Association fran&#xE7;aise pour la cybern&#xE9;tique &#xE9;conomique et technique (A.F.C.E.T.) ; with the assistance of = avec le concours de la Direction G&#xE9;n&#xE9;rale de l'Industrie (DGI-MIPI) and Intergovernmental Bureau for Informatics (I.B.I.).</subfield>
  </datafield>
  <datafield tag="246" ind1="3" ind2="1">
    <subfield code="a">Informatique et enseignement</subfield>
  </datafield>
  <datafield tag="260" ind1=" " ind2=" ">
    <subfield code="a">Amsterdam : </subfield>
    <subfield code="b">North-Holland, </subfield>
    <subfield code="c">[1975]</subfield>
  </datafield>
  <datafield tag="300" ind1=" " ind2=" ">
    <subfield code="a">1 t. en 2 v. (1011 p.) : </subfield>
    <subfield code="b">il., gr&#xE1;f. ; </subfield>
    <subfield code="c">26 cm.</subfield>
  </datafield>
  <datafield tag="500" ind1=" " ind2=" ">
    <subfield code="a">&#xCD;ndice.</subfield>
  </datafield>
  <datafield tag="504" ind1=" " ind2=" ">
    <subfield code="a">Referencias bibliogr&#xE1;ficas.</subfield>
  </datafield>
  <datafield tag="505" ind1="8" ind2=" ">
    <subfield code="a">Contiene: 1 ; </subfield>
    <subfield code="t">Part. 1 - 2 ; </subfield>
    <subfield code="t">Part. 2</subfield>
  </datafield>
  <datafield tag="546" ind1=" " ind2=" ">
    <subfield code="a">Textos en franc&#xE9;s e ingl&#xE9;s.</subfield>
  </datafield>
  <datafield tag="650" ind1=" " ind2="4">
    <subfield code="a">Ense&#xF1;anza asistida por ordenador-</subfield>
    <subfield code="v">Congresos y asambleas.</subfield>
    <subfield code="9">12301</subfield>
  </datafield>
  <datafield tag="700" ind1="1" ind2=" ">
    <subfield code="a">Lecarme, O.</subfield>
    <subfield code="9">169237</subfield>
  </datafield>
  <datafield tag="700" ind1="1" ind2=" ">
    <subfield code="a">Lewis, R.</subfield>
    <subfield code="9">169238</subfield>
  </datafield>
  <datafield tag="710" ind1="2" ind2=" ">
    <subfield code="a">Association fran&#xE7;aise pour la cybern&#xE9;tique &#xE9;conomique et technique.</subfield>
    <subfield code="9">169239</subfield>
  </datafield>
  <datafield tag="852" ind1=" " ind2=" ">
    <subfield code="a">ES-MaACL</subfield>
    <subfield code="j">L-32487-88 </subfield>
    <subfield code="z">. - Donat. Ernesto Garc&#xED;a Camarero (Sello: Archivo E.G.C.)</subfield>
  </datafield>
  <datafield tag="999" ind1=" " ind2=" ">
    <subfield code="c">189904</subfield>
    <subfield code="d">189904</subfield>
  </datafield>
  <datafield tag="952" ind1=" " ind2=" ">
    <subfield code="0">0</subfield>
    <subfield code="1">0</subfield>
    <subfield code="4">0</subfield>
    <subfield code="7">0</subfield>
    <subfield code="a">ATENEOM</subfield>
    <subfield code="b">ATENEOM</subfield>
    <subfield code="c">DEPO2</subfield>
    <subfield code="d">2019-12-23</subfield>
    <subfield code="e">DON</subfield>
    <subfield code="l">0</subfield>
    <subfield code="o">L-32487-88</subfield>
    <subfield code="p">1201438</subfield>
    <subfield code="r">2023-02-23 00:00:00</subfield>
    <subfield code="w">2023-02-23</subfield>
    <subfield code="y">MONOGRAFIA</subfield>
  </datafield>
</record>
